Super Mario Kart Tracks - Statistics

General Stats
  • This quiz has been taken 267 times
  • The average score is 17 of 20
Answer Stats
Cup Track % Correct
Mushroom Mario Circuit 1
95%
Special Rainbow Road
95%
Mushroom Mario Circuit 2
94%
Flower Mario Circuit 3
93%
Star Mario Circuit 4
91%
Mushroom Bowser Castle 1
90%
Flower Bowser Castle 2
89%
Mushroom Donut Plains 1
88%
Star Bowser Castle 3
87%
Flower Donut Plains 2
87%
Special Donut Plains 3
86%
Star Vanilla Lake 1
78%
Mushroom Ghost Valley 1
77%
Star Koopa Beach 1
77%
Special Vanilla Lake 2
77%
Flower Choco Island 1
76%
Flower Ghost Valley 2
75%
Special Koopa Beach 2
75%
Star Choco Island 2
74%
Special Ghost Valley 3
73%
No matching quizzes found
Score Distribution
Percent of People with Each Score
Percentile by Number Answered
Your Score History
You have not taken this quiz